A cast of vultures. #3 / Judith Flanders.
Available copies
- 1 of 1 copy available at LARL/NWRL Consortium.
- 1 of 1 copy available at Lake Agassiz Regional Library. (Show preferred library)
Current holds
0 current holds with 1 total copy.
Show Only Available Copies
| Location | Call Number / Copy Notes | Barcode | Shelving Location | Status | Due Date |
|---|---|---|---|---|---|
| Moorhead Public Library | M FLA (Text) | 33500012445474 | Main | Available | - |
Record details
- ISBN: 9781250087829
- ISBN: 1250087821
- Physical Description: 318 pages ; 22 cm.
- Edition: First U.S. edition.
- Publisher: New York : Minotaur Books, 2017.
- Copyright: ℗♭2016
Content descriptions
| General Note: | "A Thomas Dunn Book". "First published in Great Britain by Allison & Busby". |
| Summary, etc.: | "There was every possibility that I was dead, and ... Read More |
Search for related items by subject
| Subject: | Women detectives > England > Fiction. Book editors > England > Fiction. Murder > Investigation > Fiction. London (England) > Fiction. |
| Genre: | Humorous fiction. Detective and mystery fiction. Mystery fiction. |
Search for related items by series
| LDR | 02367cam a22004698i 4500 | ||
|---|---|---|---|
| 001 | 218216 | ||
| 003 | LARL_NWRL_CONSORTIUM | ||
| 005 | 20170306160505.0 | ||
| 008 | 161114t20172016nyu 000 1 eng | ||
| 019 | . | ‡a947145694 | |
| 020 | . | ‡a9781250087829 ‡q(hardcover) | |
| 020 | . | ‡a1250087821 ‡q(hardcover) | |
| 035 | . | ‡a(OCoLC)947811504 ‡z(OCoLC)947145694 | |
| 042 | . | ‡apcc | |
| 082 | 0 | 0. | ‡a823/.92 ‡223 |
| 099 | . | ‡aMYS | |
| 100 | 1 | . | ‡aFlanders, Judith, ‡eauthor. ‡0(LARL_NWRL_CONSORTIUM)221137 |
| 245 | 1 | 2. | ‡aA cast of vultures. ‡n#3 / ‡cJudith Flanders. |
| 250 | . | ‡aFirst U.S. edition. | |
| 264 | 1. | ‡aNew York : ‡bMinotaur Books, ‡c2017. | |
| 264 | 4. | ‡c℗♭2016 | |
| 300 | . | ‡a318 pages ; ‡c22 cm. | |
| 336 | . | ‡atext ‡btxt ‡2rdacontent | |
| 337 | . | ‡aunmediated ‡bn ‡2rdamedia | |
| 338 | . | ‡avolume ‡bnc ‡2rdacarrier | |
| 490 | 0 | . | ‡aSam Clair ; ‡v3 |
| 500 | . | ‡a"A Thomas Dunn Book". | |
| 500 | . | ‡a"First published in Great Britain by Allison & Busby". | |
| 520 | . | ‡a"There was every possibility that I was dead, and my brain hadn't got the memo. Or maybe it was that I wished I were dead. On reflection, that was more likely. Normally sharp-witted, book editor Sam Clair stumbles through a post-launch party morning with the hangover to end all hangovers. But before the Nurofen has even kicked in, she finds herself entangled in an elaborate saga of missing neighbors, suspected arson and an odd, unidentified body. By the time the grizzly news breaks that the fire has claimed another victim, Sam is already hot in pursuit. Armed once again with her biting commentary, her boyfriend Inspector Jake Field, and her stalwart Goth assistant, Sam must track down the murderer and face a pair from Thugs 'R' Us in this uproariously funny and fast-paced mystery in this critically acclaimed series from New York Times bestseller Judith Flanders"-- ‡cProvided by publisher. | |
| 650 | 0. | ‡aWomen detectives ‡zEngland ‡vFiction. ‡0(LARL_NWRL_CONSORTIUM)167914 | |
| 650 | 0. | ‡aBook editors ‡zEngland ‡vFiction. | |
| 650 | 0. | ‡aMurder ‡xInvestigation ‡vFiction. ‡0(LARL_NWRL_CONSORTIUM)166203 | |
| 651 | 0. | ‡aLondon (England) ‡vFiction. ‡0(LARL_NWRL_CONSORTIUM)165879 | |
| 655 | 7. | ‡aHumorous fiction. ‡2lcgft | |
| 655 | 7. | ‡aDetective and mystery fiction. ‡2lcgft | |
| 655 | 7. | ‡aMystery fiction. ‡2gsafd | |
| 901 | . | ‡a218216 ‡bOCoLC ‡c218216 ‡tbiblio ‡soclc | |

Add to basket
Permalink
Disable Highlighting